1047 1816 1425 1667 1860 1955 1911 1868 1333 1525 1991 1154 1646 1367 1000 1442 1389 1034 1597 1008 1388 1559 1792 1809 1984 1659 1254 1449 1024 1606 1262 1072 1306 1465 1808 1359 1438 1494 1346 1354 1637 1304 1826 1792 1571 1876 1445 1484 1055 1653 1424 1059 1932 1091 1857 1607 1458 1384 1666 1135 1573 1069 1960 1768 1504 1878 1433 1790 1489 1642 1327 1839 1160 1069 1399 1063 1215 1990 1687 1188 1178 1118 1002 1976 1790 1838 1866 1902 1900 1853 1175 1271 1049 1566 1017 1927 1820 1807 1953 BCNSPRNW ULIB Ver.6.0+V

เปลี่ยนเป็นภาษาไทย

Change to English
 แสดงรายละเอียดบรรณานุกรม
  กลับหน้าหลัก

Brief Record : Get Marc (ISO 2709) : E-mail record : QR code < ปิดหน้าต่าง
LEADER : 00000nam 2200000uu 4500
001    13399112047
003     ULIB
008    110627s2546||||th 000 0 tha d
099    วจ.LB1060^bศ373 2546
100 0  ศรีสุกาญจน์ บิณฑาประสิทธิ
245 00 รายงานการวิจัยเรื่องศึกษาความพร้อมในการเรียนรู้ด้วยการนำตนเองของนักศึกษาพยาบาล วิทยาลัยพยาบาลบรมราชชนนี สงขลา/^cศรีสุกาญจน์ บิณฑาประสิทธิ
260    สงขลา :^bวิทยาลัยพยาบาลบรมราชชนนี สงขลา,^c2546
300    101 หน้า
650  7 การจัดการเรียนการสอน^xวิจัย
650  7 วิทยาลัยพยาบาลบรมราชชนนี สงขลา
650  7 การเรียนรู้ด้วยตนเอง^xวิจัย
945    ^p0^l0^i018210
995    ทศพร
999 ^a ใช้งานได้ทุกระบบ
รายการนี้ยังไม่มีแท็ก
คุณยังไม่ได้ล็อกอิน คุณสามารถมีกิจกรรมร่วมกับเว็บไซต์ได้ แต่ต้องล็อกอินก่อน ::
  ล็อกอิน

รายการสื่อสารสนเทศ

ลำดับที่ ประเภท เลขเรียก/บาร์โค้ด สถานที่ สถานะ
- ไม่พบข้อมูล -

รายการใกล้เคียง
    หัวเรื่อง [วิทยาลัยพยาบาลบรมราชชนนี สงขลา]

BibComment


ยังไม่เคยถูกคอมเมนท์

คอมเมนท์ทรัพยากรรายการนี้
  คอมเมนท์: รายงานการวิจัยเรื..


 Copyright 2026. Bcnsprnw @Library